<?xml version="1.0" encoding="UTF-8"?>
<record
    xmlns:xsi="http://www.w3.org/2001/XMLSchema-instance"
    xsi:schemaLocation="http://www.loc.gov/MARC21/slim http://www.loc.gov/standards/marcxml/schema/MARC21slim.xsd"
    xmlns="http://www.loc.gov/MARC21/slim">

  <leader>01408nam a22002297a 4500</leader>
  <controlfield tag="001">6707</controlfield>
  <controlfield tag="003">FISKH</controlfield>
  <controlfield tag="005">20250521124333.0</controlfield>
  <controlfield tag="008">250521b        cb ||||| |||| 00| 0 eng d</controlfield>
  <datafield tag="040" ind1=" " ind2=" ">
    <subfield code="a">FISKH</subfield>
    <subfield code="b">khr</subfield>
    <subfield code="c">FISKH</subfield>
    <subfield code="d">FISKH</subfield>
  </datafield>
  <datafield tag="082" ind1=" " ind2=" ">
    <subfield code="a">570</subfield>
  </datafield>
  <datafield tag="100" ind1=" " ind2=" ">
    <subfield code="a">Sopheak, Van</subfield>
  </datafield>
  <datafield tag="245" ind1=" " ind2=" ">
    <subfield code="a">&#x1780;&#x1798;&#x17D2;&#x179A;&#x1784; &#x179F;&#x17C6;&#x178E;&#x17BD;&#x179A;-&#x1785;&#x1798;&#x17D2;&#x179B;&#x17BE;&#x1799; &#x17E4;&#x17E4;&#x17E4;&#x200B; &#x1787;&#x17B8;&#x179C;&#x179C;&#x17B7;&#x1791;&#x17D2;&#x1799;&#x17B6; &#x1790;&#x17D2;&#x1793;&#x17B6;&#x1780;&#x17CB;&#x1791;&#x17B8;&#x17E1;&#x17E2; &#x1782;&#x17D2;&#x179A;&#x1794;&#x17CB;&#x1798;&#x17C1;&#x179A;&#x17C0;&#x1793; / </subfield>
    <subfield code="c">&#x179A;&#x17C0;&#x1794;&#x179A;&#x17C0;&#x1784;&#x178A;&#x17C4;&#x1799; : &#x179C;&#x17C9;&#x17B6;&#x1793;&#x17CB;&#x200B;&#x200B; &#x179F;&#x17BB;&#x1797;&#x17D0;&#x1780;&#x17D2;&#x179A;&#x17D2;&#x178F;</subfield>
  </datafield>
  <datafield tag="260" ind1=" " ind2=" ">
    <subfield code="a">&#x1797;&#x17D2;&#x1793;&#x17C6;&#x1796;&#x17C1;&#x1789; :</subfield>
    <subfield code="b">&#x1794;&#x17B6;&#x1780;&#x17CB;&#x1791;&#x17BC;&#x1780; &#x1790;&#x178F;&#x1785;&#x17C6;&#x179B;&#x1784; ,</subfield>
    <subfield code="c">&#x17E2;&#x17E0;&#x17E1;&#x17E6; .</subfield>
  </datafield>
  <datafield tag="300" ind1=" " ind2=" ">
    <subfield code="a">109 pages : </subfield>
    <subfield code="b">illustrations ; </subfield>
    <subfield code="c">21 cm . </subfield>
  </datafield>
  <datafield tag="520" ind1=" " ind2=" ">
    <subfield code="a">&#x179F;&#x17C0;&#x179C;&#x1797;&#x17C5; &#xAB;&#x179F;&#x17C6;&#x178E;&#x17BD;&#x179A;-&#x1785;&#x17C6;&#x179B;&#x17BE;&#x1799; &#x1787;&#x17B8;&#x179C;&#x179C;&#x17B7;&#x1791;&#x17D2;&#x1799;&#x17B6; &#x1790;&#x17D2;&#x1793;&#x17B6;&#x1780;&#x17CB;&#x1791;&#x17B8; &#x17E1;&#x17E2;&#xBB; &#x1782;&#x17BA;&#x1787;&#x17B6;&#x179C;&#x178F;&#x17D2;&#x1790;&#x17BB;&#x17A2;&#x1794;&#x17CB;&#x179A;&#x17C6;&#x178A;&#x17CF;&#x1798;&#x17B6;&#x1793;&#x178F;&#x1798;&#x17D2;&#x179B;&#x17C3;&#x1798;&#x17BD;&#x1799; &#x178A;&#x17C2;&#x179B;&#x179A;&#x17C0;&#x1794;&#x1785;&#x17C6;&#x17A1;&#x17BE;&#x1784;&#x178A;&#x17BE;&#x1798;&#x17D2;&#x1794;&#x17B8;&#x1787;&#x17BD;&#x1799;&#x179F;&#x17B7;&#x179F;&#x17D2;&#x179F;&#x1780;&#x17D2;&#x1793;&#x17BB;&#x1784;&#x1780;&#x17B6;&#x179A;&#x179A;&#x17C0;&#x1794;&#x1785;&#x17C6;&#x1781;&#x17D2;&#x179B;&#x17BD;&#x1793;&#x179F;&#x1798;&#x17D2;&#x179A;&#x17B6;&#x1794;&#x17CB;&#x1780;&#x17B6;&#x179A;&#x1794;&#x17D2;&#x179A;&#x17A1;&#x1784;&#x1787;&#x17B8;&#x179C;&#x179C;&#x17B7;&#x1791;&#x17D2;&#x1799;&#x17B6; &#x1790;&#x17D2;&#x1793;&#x17B6;&#x1780;&#x17CB;&#x1791;&#x17B8; &#x17E1;&#x17E2;&#x17D4;</subfield>
  </datafield>
  <datafield tag="520" ind1=" " ind2=" ">
    <subfield code="a">The book  (Biology Question &amp; Answer for Grade 12) is a valuable resource designed to aid students in preparing for their Grade 12 biology examinations.</subfield>
  </datafield>
  <datafield tag="650" ind1=" " ind2=" ">
    <subfield code="a">&#x1787;&#x17B8;&#x179C;&#x179C;&#x17B7;&#x1791;&#x17D2;&#x1799;&#x17B6;&#x200B;</subfield>
  </datafield>
  <datafield tag="650" ind1=" " ind2=" ">
    <subfield code="a">Biology</subfield>
  </datafield>
  <datafield tag="942" ind1=" " ind2=" ">
    <subfield code="2">ddc</subfield>
    <subfield code="c">KHB</subfield>
    <subfield code="n">0</subfield>
  </datafield>
  <datafield tag="999" ind1=" " ind2=" ">
    <subfield code="c">6707</subfield>
    <subfield code="d">6707</subfield>
  </datafield>
  <datafield tag="952" ind1=" " ind2=" ">
    <subfield code="0">0</subfield>
    <subfield code="1">0</subfield>
    <subfield code="2">ddc</subfield>
    <subfield code="4">0</subfield>
    <subfield code="7">0</subfield>
    <subfield code="8">KH</subfield>
    <subfield code="a">002</subfield>
    <subfield code="b">002</subfield>
    <subfield code="c">SKB</subfield>
    <subfield code="d">2025-05-21</subfield>
    <subfield code="l">0</subfield>
    <subfield code="o">SOP 570</subfield>
    <subfield code="p">2025-1349</subfield>
    <subfield code="r">2025-05-21 12:43:27</subfield>
    <subfield code="w">2025-05-21</subfield>
    <subfield code="y">KHB</subfield>
  </datafield>
</record>
